|
|
|
|
| LEADER |
00000nam0a2200000 4500 |
| 001 |
140576 |
| 005 |
20231101220848.0 |
| 010 |
|
|
|a 3540407391
|
| 035 |
|
|
|a (RuTPU)RU\TPU\book\152295
|
| 090 |
|
|
|a 140576
|
| 100 |
|
|
|a 20080702d2004 k y0engy50 ba
|
| 101 |
0 |
|
|a eng
|
| 102 |
|
|
|a DE
|
| 105 |
|
|
|a a z 001zy
|
| 200 |
1 |
|
|a Mass Spectrometry
|e A Textbook
|f J. H. Gross
|
| 210 |
|
|
|a Berlin
|c Springer-Verlag
|d 2004
|
| 215 |
|
|
|a 518 p.
|c il.
|
| 320 |
|
|
|a Subject Index: p. 507-518.
|
| 606 |
1 |
|
|a Масс-спектрометрия
|2 stltpush
|3 (RuTPU)RU\TPU\subj\73761
|9 86572
|
| 610 |
1 |
|
|a химия
|
| 610 |
1 |
|
|a аналитическая химия
|
| 610 |
1 |
|
|a масс-спектроскопия
|
| 610 |
1 |
|
|a аппаратура
|
| 610 |
1 |
|
|a масс-спектрометры
|
| 610 |
1 |
|
|a английский язык
|
| 675 |
|
|
|a 543.51
|v 3
|
| 675 |
|
|
|a 621.384.668.8
|v 3
|
| 700 |
|
1 |
|a Gross
|b J. H.
|g Jürgen H.
|
| 801 |
|
1 |
|a RU
|b 63413507
|c 20080702
|g PSBO
|
| 801 |
|
2 |
|a RU
|b 63413507
|c 20141216
|g PSBO
|
| 942 |
|
|
|c BK
|